Fr. Conceicao Rodrigues College of Engineering

How to accept yourself (Record no. 26870)

MARC details
000 -LEADER
fixed length control field 00348nam a2200157Ia 4500
082 ## - DEWEY DECIMAL CLASSIFICATION NUMBER
Classification number 170/WIN
Item number WIN
100 ## - MAIN ENTRY--PERSONAL NAME
Personal name Dr.Windy Dryden
245 ## - TITLE STATEMENT
Title How to accept yourself
260 ## - PUBLICATION, DISTRIBUTION, ETC.
Name of publisher, distributor, etc. Better Yourself Books
Place of publication, distribution, etc. Bandra
Date of publication, distribution, etc. 1999
300 ## - PHYSICAL DESCRIPTION
Extent 191
546 ## - LANGUAGE NOTE
Language note ENGLISH
650 ## - SUBJECT ADDED ENTRY--TOPICAL TERM
Topical term or geographic name entry element Philosophy
654 ## - SUBJECT ADDED ENTRY--FACETED TOPICAL TERMS
Focus term accept yourself
942 ## - ADDED ENTRY ELEMENTS (KOHA)
Koha item type BOOK
Holdings
Withdrawn status Lost status Damaged status Not for loan Collection Home library Current library Date acquired Source of acquisition Inventory number Total Checkouts Full call number Barcode Date last seen Date last checked out Price effective from Koha item type
        CRC Fr. Agnel's C.Rodrigues College of Engineering Fr. Agnel's C.Rodrigues College of Engineering 17/03/2023 Better Yourself Books 1028 dt 04/09/2007 1 170/WIN WIN 17718 12/03/2026 27/02/2026   BOOK